Sequences and Series B.A , BSc - 11, IV (Record no. 11120)
[ view plain ]
| 000 -LEADER | |
|---|---|
| fixed length control field | 00532nam a22002057a 4500 |
| 003 - CONTROL NUMBER IDENTIFIER | |
| control field | OSt |
| 008 - FIXED-LENGTH DATA ELEMENTS--GENERAL INFORMATION | |
| fixed length control field | 220409b ||||| |||| 00| 0 eng d |
| 020 ## - INTERNATIONAL STANDARD BOOK NUMBER | |
| International Standard Book Number | 9789380896182 |
| 082 ## - DEWEY DECIMAL CLASSIFICATION NUMBER | |
| Classification number | 510 JAS |
| 100 ## - MAIN ENTRY--PERSONAL NAME | |
| Personal name | JAIN, M.L & Others |
| 245 ## - TITLE STATEMENT | |
| Title | Sequences and Series B.A , BSc - 11, IV |
| 250 ## - EDITION STATEMENT | |
| Edition statement | 20th |
| Remainder of edition statement | 2022 |
| 260 ## - PUBLICATION, DISTRIBUTION, ETC. (IMPRINT) | |
| Place of publication, distribution, etc | New Delhi |
| Name of publisher, distributor, etc | Jeevansons Publications |
| Date of publication, distribution, etc | 2022 |
| 300 ## - PHYSICAL DESCRIPTION | |
| Extent | 7.34 |
| 650 ## - SUBJECT ADDED ENTRY--TOPICAL TERM | |
| Topical term or geographic name as entry element | BA/ BSc |
| 700 ## - ADDED ENTRY--PERSONAL NAME | |
| Personal name | GANOTRA, Sarita, |
| 700 ## - ADDED ENTRY--PERSONAL NAME | |
| Personal name | KUMAR, Sunil. |
| 700 ## - ADDED ENTRY--PERSONAL NAME | |
| Personal name | PILANIA, Dr. Raj Kamal. |
| 942 ## - ADDED ENTRY ELEMENTS (KOHA) | |
| Source of classification or shelving scheme | Dewey Decimal Classification |
| Koha item type | Text Books |
| 942 ## - ADDED ENTRY ELEMENTS (KOHA) | |
| -- | 7 |
| Withdrawn status | Lost status | Source of classification or shelving scheme | Damaged status | Not for loan | Collection code | Home library | Current library | Source of acquisition | Currency | Cost, normal purchase price | Bill Number | Total Checkouts | Full call number | Acc. no. / Barcode | Date last seen | Date last borrowed | Actual Cost, discounted price | Bill Date | Koha item type |
|---|---|---|---|---|---|---|---|---|---|---|---|---|---|---|---|---|---|---|---|
| Dewey Decimal Classification | B.Sc Non Medical | PIET NCR College Library | PIET NCR College Library | Kirti Prakashan | Indian Rup | 260.00 | IN2 | 1 | 510 JAS | N2097 | 07/06/2022 | 25/05/2022 | 215.80 | 09/04/2022 | Text Books | ||||
| Dewey Decimal Classification | B.Sc Non Medical | PIET NCR College Library | PIET NCR College Library | Kirti Prakashan | Indian Rup | 260.00 | IN2 | 2 | 510 JAS | N2098 | 24/05/2022 | 10/05/2022 | 215.80 | 01/04/2022 | Text Books | ||||
| Dewey Decimal Classification | B.Sc Non Medical | PIET NCR College Library | PIET NCR College Library | Kirti Prakashan | Indian Rup | 260.00 | IN2 | 1 | 510 JAS | N2099 | 24/05/2022 | 10/05/2022 | 215.80 | 01/04/2022 | Text Books | ||||
| Dewey Decimal Classification | B.Sc Non Medical | PIET NCR College Library | PIET NCR College Library | Kirti Prakashan | Indian Rup | 260.00 | IN2 | 1 | 510 JAS | N2100 | 20/08/2022 | 15/04/2022 | 215.80 | 01/04/2022 | Text Books | ||||
| Dewey Decimal Classification | B.Sc Non Medical | PIET NCR College Library | PIET NCR College Library | Kirti Prakashan | Indian Rup | 260.00 | IN2 | 2 | 510 JAS | N2101 | 07/06/2022 | 24/05/2022 | 215.80 | 01/04/2022 | Text Books |